000 00660cab a22002055a 4500
001 L157868
008 130619e20130615xxk 000 0 eng d
035 _a(Sirsi) u157868
041 0 _aeng
100 1 _aArmitage, Jane
245 0 0 _aKeeping the (good) faith
260 _c2013
490 _aEstates Gazette
_v(1324) 15 June 2013, 94-95(2)
520 _aDiscusses the legal implications of agreeing to act in good faith. Includes what is meant by good faith and some examples of the interpretation of these provisions in case law.
590 _aKA
651 4 _aEngland
690 _aProperty management
_96262
700 1 _aWood, Emily
942 _n0
999 _c84481
_d84481